000
00270nam a2200109Ia 4500
008
190216s9999||||xx |||||||||||||| ||und||
100
_a
Murthy C S V
245
0
_a
Management Information Systems
260
_b
Himalaya Publishing House
_c
2002
300
_a
394p
942
_c
BK
999
_c
6297
_d
6297